[Event "Scottish International Open"]
[Site "Edinburgh, Scotland"]
[Date "2015.07.19"]
[Round "9"]
[White "Pearson, Walter"]
[Black "Doris, Peter"]
[Result "0-1"]
[WhiteElo "1623"]
[BlackElo "1256"]
[PlyCount "92"]
[EventDate "2015.??.??"]

1. e4 e6 2. Nc3 d5 3. exd5 exd5 4. d4 Nf6 5. Qe2+ Qe7 6. Bf4 c6 7. O-O-O Bg4 8.
f3 Be6 9. Bxb8 Rxb8 10. Rd3 Qd6 11. g3 Be7 12. Nh3 O-O 13. Nf4 Bd7 14. Re3 Rfe8
15. Nd3 Bf8 16. Bg2 Rxe3 17. Qxe3 Re8 18. Qf2 Bf5 19. Nc5 b6 20. Nb3 h6 21. Re1
Rxe1+ 22. Qxe1 Qe7 23. Kd2 Qxe1+ 24. Kxe1 Bxc2 25. Nd2 Bf5 26. h3 Bd6 27. f4 g5
28. g4 Bd3 29. fxg5 Bg3+ 30. Kd1 hxg5 31. b3 Nd7 32. Bf1 Bg6 33. Ba6 Nb8 34.
Bc8 Bd3 35. Nf3 f6 36. Ne2 Bd6 37. Nd2 Kf7 38. Nc1 Bg6 39. Ke2 Ke7 40. Nd3 a5
41. a4 Kd8 42. Bf5 Bf7 43. Bh7 Na6 44. Bf5 Nb4 45. Nb1 Nc2 46. Kd2 Nxd4 0-1

[Event "Scottish International Open"]
[Site "Edinburgh, Scotland"]
[Date "2015.07.19"]
[Round "9"]
[White "D'Costa, Leston"]
[Black "Oxener, Aldo"]
[Result "1/2-1/2"]
[WhiteElo "1515"]
[BlackElo "1545"]
[PlyCount "167"]
[EventDate "2015.??.??"]

1. e4 c5 2. Nc3 d6 3. f4 a6 4. g3 b5 5. Bg2 Bb7 6. d3 Nf6 7. Qe2 Nc6 8. Nf3 e6
9. O-O Be7 10. Bd2 O-O 11. Rae1 Rc8 12. a4 Nd4 13. Qd1 b4 14. Ne2 a5 15. Nexd4
cxd4 16. Nxd4 Rc5 17. Be3 Rc8 18. Qe2 Qd7 19. b3 Rc3 20. Nb5 Rcc8 21. Rc1 Ba6
22. c4 bxc3 23. Nxc3 Rb8 24. Rb1 Rfc8 25. Rfc1 Rb4 26. Na2 Rxc1+ 27. Bxc1 Rd4
28. Qf2 Rxd3 29. Bf1 Rd1 30. Kg2 Rxf1 31. Qb6 Bd3 32. Rb2 Rd1 33. Bd2 Bd8 34.
Qb8 Bxe4+ 35. Kf2 Ng4+ 36. Ke2 Rh1 37. Nc3 Rxh2+ 38. Ke1 Bd3 39. Qa8 Rf2 40.
Bc1 Rxb2 41. Bxb2 Qc7 42. Qf3 Bf5 43. Ba3 Qb6 44. Nd1 Qg1+ 45. Ke2 Qh2+ 46. Ke1
Qg1+ 47. Ke2 Qd4 48. Bb2 Qe4+ 49. Qxe4 Bxe4 50. Nc3 Bc2 51. Nb5 d5 52. Nd4 Bb1
53. Bc3 Ba2 54. Kd2 Bb1 55. Nc6 Bc7 56. Bxa5 Bxa5+ 57. Nxa5 e5 58. Nc6 e4 59.
Ne7+ Kf8 60. Nxd5 Ke8 61. b4 Kd7 62. Nc3 Bd3 63. b5 Kc7 64. a5 Nf6 65. Ke3 Kb7
66. f5 g6 67. Kf4 Nh5+ 68. Kg4 e3 69. fxg6 hxg6 70. a6+ Ka7 71. Nd5 e2 72. b6+
Kxa6 73. Nb4+ Kxb6 74. Nxd3 Kc6 75. Kf3 e1=Q 76. Nxe1 Kd5 77. g4 Ng7 78. g5 Ke5
79. Kg4 Nf5 80. Nf3+ Ke4 81. Nd2+ Ke5 82. Nf3+ Ke6 83. Kf4 Kd5 84. Ne5 1/2-1/2

[Event "Scottish International Open"]
[Site "Edinburgh, Scotland"]
[Date "2015.07.19"]
[Round "9"]
[White "Smith, Callum"]
[Black "Forbes, Alistair"]
[Result "1-0"]
[WhiteElo "1543"]
[BlackElo "1418"]
[PlyCount "73"]
[EventDate "2015.??.??"]

1. e4 c5 2. c3 Nf6 3. e5 Nd5 4. d4 cxd4 5. cxd4 e6 6. Nf3 d6 7. Bc4 Be7 8. Bxd5
exd5 9. exd6 Qxd6 10. h3 O-O 11. O-O b6 12. Nc3 Nc6 13. Qb3 Qg6 14. Nxd5 Bb7
15. Ne5 Qd6 16. Nxc6 Bxc6 17. Nxe7+ Qxe7 18. Be3 Rfe8 19. Rfe1 Qe4 20. f3 Qg6
21. Bf2 Bd7 22. Kh1 h6 23. Rac1 Rac8 24. Rxc8 Rxc8 25. Re4 Bf5 26. Re2 Bc2 27.
Qe3 Bd3 28. Rd2 Rc1+ 29. Kh2 Bf5 30. Qe8+ Kh7 31. d5 Qd6+ 32. Bg3 Qc5 33. Bf2
Qd6+ 34. g3 Rc2 35. Rxc2 Bxc2 36. Qc6 Qb4 37. Qxc2+ 1-0

[Event "Scottish International Open"]
[Site "Edinburgh, Scotland"]
[Date "2015.07.19"]
[Round "9"]
[White "McKay, Jonathan"]
[Black "Armaan, Jal Gala"]
[Result "0-1"]
[WhiteElo "1053"]
[BlackElo "1551"]
[PlyCount "86"]
[EventDate "2015.??.??"]

1. g3 Nf6 2. c4 e6 3. Bg2 d5 4. Nf3 Nc6 5. b3 b6 6. Bb2 Ne4 7. O-O Bb7 8. e3
dxc4 9. Nc3 Nxc3 10. Bxc3 cxb3 11. Qxb3 Qd5 12. Qa4 Qd7 13. Nd4 Nxd4 14. Qxd7+
Kxd7 15. Bxd4 Bxg2 16. Kxg2 f6 17. Rac1 c5 18. Bb2 Kc6 19. Rc2 e5 20. d4 exd4
21. exd4 Rd8 22. Rfc1 Kb5 23. dxc5 Bxc5 24. Re2 Rhe8 25. Rce1 Rxe2 26. Rxe2 Kc6
27. Re6+ Kd7 28. Re2 Re8 29. Rd2+ Kc7 30. Bd4 Bxd4 31. Rxd4 Re5 32. Kf3 Rf5+
33. Ke3 Re5+ 34. Re4 Rxe4+ 35. Kxe4 g6 36. g4 Kd6 37. Kd4 b5 38. f4 a5 39. h4
h5 40. gxh5 gxh5 41. f5 Kc6 42. a3 a4 43. Kc3 Kc5 {scoresheet illegible} 0-1

[Event "Scottish International Open"]
[Site "Edinburgh, Scotland"]
[Date "2015.07.19"]
[Round "9"]
[White "Smith, Sarah"]
[Black "Brown, Gerry"]
[Result "1-0"]
[WhiteElo "888"]
[BlackElo "1468"]
[PlyCount "63"]
[EventDate "2015.??.??"]

1. d4 Nf6 2. Bg5 d5 3. e3 g6 4. Bd3 Bg7 5. Nd2 O-O 6. f4 e6 7. Ngf3 b6 8. Ne5
Bb7 9. O-O a6 10. Rf3 Nbd7 11. Rh3 Qc8 12. Qe1 h5 13. Be2 Nxe5 14. fxe5 Ne4 15.
Nxe4 dxe4 16. Qh4 c5 17. c3 cxd4 18. exd4 e3 19. Qf4 Qc7 20. Bh6 f6 21. Bxg7
fxe5 22. Bxe5 Rxf4 23. Bxc7 Rf2 24. Bf3 Bxf3 25. Rxf3 Rxf3 26. gxf3 Rf8 27. f4
Rf7 28. Be5 Kh7 29. Re1 h4 30. Rxe3 g5 31. fxg5 Kg6 32. Bf6 1-0

[Event "Scottish International Open"]
[Site "Edinburgh, Scotland"]
[Date "2015.07.19"]
[Round "9"]
[White "Stuart, Joseph Maxwell"]
[Black "Smith, Rachel"]
[Result "1/2-1/2"]
[WhiteElo "1210"]
[BlackElo "1316"]
[PlyCount "69"]
[EventDate "2015.??.??"]

1. e4 d5 2. exd5 Qxd5 3. Nc3 Qd8 4. d4 Nf6 5. Nf3 Bg4 6. h3 Bxf3 7. Qxf3 c6 8.
Bg5 Nbd7 9. Bc4 e6 10. a3 Be7 11. O-O-O O-O 12. Bf4 Nd5 13. Nxd5 cxd5 14. Bd3
Qb6 15. c3 Rfc8 16. Bd2 Qxd4 17. Qe3 Qxe3 18. Bxe3 a6 19. a4 Bc5 20. Kd2 Bxe3+
21. Kxe3 Ne5 22. Kd4 Nxd3 23. Kxd3 Kf8 24. Rd2 Ke7 25. g3 Rc6 26. f4 Rac8 27.
Re1 g6 28. Kc2 b5 29. axb5 axb5 30. Rxd5 b4 31. Re3 bxc3 32. b3 Ra8 33. Rdd3
Ra2+ 34. Kc1 Ra1+ 35. Kc2 1/2-1/2

[Event "Scottish International Open"]
[Site "Edinburgh, Scotland"]
[Date "2015.07.19"]
[Round "9"]
[White "Hegde, Stuthi"]
[Black "Smith, Mark J"]
[Result "1/2-1/2"]
[WhiteElo "1241"]
[BlackElo "1440"]
[PlyCount "55"]
[EventDate "2015.??.??"]

1. d4 e6 2. c4 Nf6 3. Nc3 Bb4 4. Qc2 c5 5. dxc5 Bxc5 6. Bg5 Bxf2+ 7. Kxf2 Ng4+
8. Ke1 Qxg5 9. Nf3 Qc5 10. Ne4 Qb4+ 11. Qc3 Nc6 12. a3 Qxc3+ 13. Nxc3 Ne3 14.
Kf2 Nxc4 15. b3 N4e5 16. h3 O-O 17. Rd1 d5 18. Nxe5 Nxe5 19. e4 dxe4 20. Nxe4
b6 21. Bb5 Bb7 22. Ng3 Bd5 23. b4 Rac8 24. Rc1 Rxc1 25. Rxc1 Ra8 26. Rc3 a6 27.
Bxa6 g6 28. Bb5 1/2-1/2